Effect of adhesion on the equilibrium swelling of short sisal fiber reinforced natural rubber composites (Record no. 50943)

MARC details
000 -LEADER
fixed length control field 00605nam a2200217Ia 4500
100 ## - MAIN ENTRY--AUTHOR NAME
Personal name Varghese S.
245 #0 - TITLE STATEMENT
Title Effect of adhesion on the equilibrium swelling of short sisal fiber reinforced natural rubber composites
260 ## - PUBLICATION, DISTRIBUTION, ETC. (IMPRINT)
Name of publisher Rubber Chemistry and Technology
Year of publication 1995
300 ## - PHYSICAL DESCRIPTION
Number of Pages 37-49
650 ## - SUBJECT ADDED ENTRY--TOPICAL TERM
Topical Term Adhesion
650 ## - SUBJECT ADDED ENTRY--TOPICAL TERM
Topical Term Composite
650 ## - SUBJECT ADDED ENTRY--TOPICAL TERM
Topical Term Natural rubber
650 ## - SUBJECT ADDED ENTRY--TOPICAL TERM
Topical Term Reinforced rubber
650 ## - SUBJECT ADDED ENTRY--TOPICAL TERM
Topical Term Sisal fibre
650 ## - SUBJECT ADDED ENTRY--TOPICAL TERM
Topical Term Swelling
700 ## - ADDED ENTRY--PERSONAL NAME
Personal name Joseph K.[a]
700 ## - ADDED ENTRY--PERSONAL NAME
Personal name Kuriakose B.
700 ## - ADDED ENTRY--PERSONAL NAME
Personal name Thomas S.
942 ## - ADDED ENTRY ELEMENTS (KOHA)
Koha item type Bibliography STAF
Holdings
Withdrawn status Lost status Damaged status Not for loan Home library Current library Shelving location Date acquired Serial Enumeration / chronology Koha item type
      Bibliography RRII Library RRII Library Rubber chemistry 09/04/2014 Volume 68, Issue 1 Bibliography STAF